L'Irlande pour les touristes... - Statistiques

Statistiques générales
  • Ce quiz a été pris 96 fois
  • Le résultat moyen est 12 sur 20
Statistiques - réponses
Question Indice Réponses % Correct
Quelles sont les langues officielles ? Anglais
100%
La conduite se fait à droite ou à gauche ? Gauche
97%
Dans la capitale y-a-t-il un décalage horaire avec Paris ? (oui/non) Oui
97%
Quelles sont les principales villes touristiques ? D Dublin
96%
Quelle est la monnaie ? Euro
95%
Quelles sont les langues officielles ? Irlandais
88%
La vitesse sur autoroute est limitée à {120} km/h
78%
Quelles sont les principales villes touristiques ? C Cork
74%
Quelles sont les principales villes touristiques ? G Galway
64%
La religion majoritaire est C catholicisme
60%
Quelles sont les principales villes touristiques ? L Limerick
59%
Le taux d'alcoolémie toléré au volant est de {0.8} g/l
54%
Achats à faire 3/ Vêtement en laine Pull
51%
Achats à faire 2/ Alcool Whiskey
49%
Le suffixe internet est ie
42%
On peut y visiter les parcs nationaux de C Connemara
40%
Quelles sont les principales villes touristiques ? K Kilkenny
36%
Achats à faire 1/ Cristal de Waterford
15%
Quelles sont les principales villes touristiques ? C Carlow
9%
On peut y visiter les parcs nationaux de B Ballycroy
2%
Aucun quiz correspondant
Distribution des résultats
% des personnes avec chaque résultat
Percentile par nombre de réponses
Votre historique - résultats
Vous n’avez pas pris ce quiz